Central Library OPAC University of Rajshahi

পান্ডুলিপি / (Record no. 56884)

MARC details
000 -LEADER
fixed length control field 00944nam a2200217 a 4500
001 - CONTROL NUMBER
control field 56884
003 - CONTROL NUMBER IDENTIFIER
rucl marc code BD-RjUL
005 - DATE AND TIME OF LATEST TRANSACTION
control field 20211209080439.0
008 - FIXED-LENGTH DATA ELEMENTS--GENERAL INFORMATION
fixed length control field 161204s1971 bg ||||| |||| 00| 0 ben d
035 ## - SYSTEM CONTROL NUMBER
System control number (BD-RjUL)57008
040 ## - CATALOGING SOURCE
Original cataloging agency BD-RjUL
Language of cataloging ben
Transcribing agency BD-RjUL
Modifying agency BD-RjUL
041 ## - LANGUAGE CODE
Language code of text/sound track or separate title ben
082 ## - DEWEY DECIMAL CLASSIFICATION NUMBER
Edition number 23
Classification number 891.4409
Author mark and year PAN 1971
245 00 - TITLE STATEMENT
Title পান্ডুলিপি /
Statement of responsibility, etc. মোহাম্মদ আবদুল আউয়াল সম্পাদিত
260 ## - PUBLICATION, DISTRIBUTION, ETC. (IMPRINT)
Place of publication, distribution, etc. চট্টগ্রাম :
Name of publisher, distributor, etc. বাংলা সাহিত্য সমিতি,
Date of publication, distribution, etc. ১৯৭১
300 ## - PHYSICAL DESCRIPTION
Pagination বিভিন্ন পৃ. ;
Size ২৩ সেমি.
650 ## - SUBJECT ADDED ENTRY--TOPICAL TERM
Topical term or geographic name as entry element বাংলা সাহিত্য
9 (RLIN) 147487
General subdivision ইতিহাস ও সমালোচনা
Topical term or geographic name as entry element Bengali Literature
9 (RLIN) 147488
General subdivision History and Criticism
700 ## - ADDED ENTRY--PERSONAL NAME
Personal name আউয়াল, মোহাম্মদ আবদুল সম্পাদিত
942 ## - ADDED ENTRY ELEMENTS (KOHA)
Source of classification or shelving scheme Dewey Decimal Classification
Koha item type Books
Holdings
Lost status Source of classification or shelving scheme Damaged status Not for loan Collection code Permanent Location Current Location Shelving location Date acquired Total Checkouts Full call number Date last seen Copy number Koha item type
  Dewey Decimal Classification   Not For Loan Non-fiction Central Library, University of Rajshahi Central Library, University of Rajshahi Reading Room 04/12/2016   B 891.4409 PAN 1971 04/12/2016 C-1 Books